000 00220nam a22000857a 4500
008 160915b xxu||||| |||| 00| 0 eng d
100 _9529
_aGupta.R.G
245 _aMathematics.R.G
260 _aNew Delhi
_bAPC. Publications
_c2011
999 _c3186
_d3186